00562nam a22001457a 450000500170000002000230001703500130004003700110005308200110006410000490007524501310012426000940025527000150034930000520036420120213124132.0 c600.00a8188134155 aB-136986 b adpl a181.45 aयोगार्थी, प्रमोद1 aउद्धव गीता में भक्तियोग दर्शन /cप्रमोद योगार्थी aनई दिल्लीbसत्यम पब्लिशिंग हाउसc2005 a b e k  a400पृ.c22सेमी (सजिल्द)